| 000 | 00499cam a2200169 a 4500 | ||
|---|---|---|---|
| 020 | _a929028028X | ||
| 040 | _cDLC | ||
| 082 | 0 | 0 | _a641 AGE 1981 A046 Or. |
| 100 | 1 | _aBaudet, J. C. | |
| 245 | 1 | 4 |
_aLes céréales mineures : _bbibliographie analytique / |
| 260 |
_aParis, France : _bAgence de coopération culturelle et technique, _cc1981. |
||
| 300 |
_a134 p. ; _c24 cm. |
||
| 650 | 0 | _aCereals as food | |
| 650 | 0 | _aGrain | |
| 710 | 2 | _aAgence de coopération culturelle et technique. | |
| 942 | _cFB | ||
| 999 |
_c13616 _d13616 |
||